[Event "DVM U12 2012"]
[Site "Verden/Aller GER"]
[Date "2012.12.29"]
[Round "5"]
[White "Handel, Augustin"]
[Black "Rodzin, Konstantin"]
[Result "1/2-1/2"]
[Termination "normal"]
[Board "3.4"]
[WhiteElo "1078"]
[BlackElo "999"]
[WhiteTeam "SG Grün-Weiß Baumschulenweg"]
[BlackTeam "Schachfreunde Gerresheim 86"]
[WhiteFideId "16202805"]
[EventCountry "GER"]
[EventRounds "7"]
[EventType "team-swiss"]
[EventDate "2012.12.26"]

1. e4 e5 2. Nf3 Nf6 3. Nc3 Bb4 4. d3 Nc6 5. Be2 O-O 6. O-O Bxc3 7. bxc3 d6 8.
h3 Re8 9. c4 h6 10. Rb1 Rb8 11. Bd2 Be6 12. Nh2 Qd7 13. Ng4 Nxg4 14. Bxg4 Bxg4
15. Qxg4 Qxg4 16. hxg4 Nd4 17. Rb2 b6 18. Re1 f6 19. c3 Ne6 20. g3 Nc5 21. Re3
Kf7 22. d4 exd4 23. cxd4 Nxe4 24. Kg2 Nxd2 25. Rxd2 Rxe3 26. fxe3 Re8 27. Kf3
c5 28. d5 Re5 29. e4 h5 30. gxh5 Rxh5 31. Kg4 Rh1 32. Rd3 Rb1 33. Ra3 a5 34.
Rb3 Rxb3 35. axb3 g6 36. Kh4 Kg7 37. g4 Kh6 38. Kh3 Kg5 39. Kg3 f5 40. exf5
gxf5 41. gxf5 Kxf5 42. Kf3 Ke5 43. Ke3 Kf6 44. Ke4 Ke7 45. Kf5 Kf7 46. Kg5 Kg7
47. Kf5 Kf7 48. Kg5 Kg7 49. Kf5 Kf7 50. Kg5 Kg7 51. Kf5 Kf7 52. Kg5 Kg7 1/2-1/2

[Event "DVM U12 2012"]
[Site "Verden/Aller GER"]
[Date "2012.12.29"]
[Round "5"]
[White "Burg, Niclas"]
[Black "Teichmann, Felix"]
[Result "0-1"]
[Termination "normal"]
[Board "4.1"]
[WhiteElo "1688"]
[BlackElo "1830"]
[WhiteTeam "SV Worms 1878"]
[BlackTeam "Schachgemeinschaft Leipzig"]
[WhiteFideId "1271968"]
[BlackFideId "12927538"]
[EventCountry "GER"]
[EventRounds "7"]
[EventType "team-swiss"]
[EventDate "2012.12.26"]

1. e4 c5 2. Nf3 e6 3. c3 d6 4. d4 cxd4 5. cxd4 Nf6 6. Nc3 Be7 7. Bd3 Nbd7 8.
O-O e5 9. Bd2 O-O 10. Rc1 exd4 11. Nxd4 Nc5 12. Bc2 d5 13. exd5 Nxd5 14. Bxh7+
Kxh7 15. Qh5+ Kg8 16. Nxd5 Bd6 17. Bb4 Nd3 18. Bxd6 Qxd6 19. Nb5 Qd7 20. Rc7
Nf4 21. Qg5 Qxd5 22. Qxf4 Qxb5 23. Re1 Be6 24. Re5 Rad8 25. h3 Rd5 26. Re3 Rg5
27. f3 Bxh3 28. Kh2 Rxg2+ 29. Kxh3 Qf1 30. Re1 Qf2 31. Ree7 Rg6 32. Rxb7 Qg2+
33. Kh4 Qh1+ 34. Qh2 Qxh2# 0-1

[Event "DVM U12 2012"]
[Site "Verden/Aller GER"]
[Date "2012.12.29"]
[Round "5"]
[White "Halas, Julia"]
[Black "Guckes, Fabian"]
[Result "1-0"]
[Termination "normal"]
[Board "4.2"]
[WhiteElo "1556"]
[BlackElo "1321"]
[WhiteTeam "Schachgemeinschaft Leipzig"]
[BlackTeam "SV Worms 1878"]
[WhiteFideId "12931810"]
[BlackFideId "1271995"]
[EventCountry "GER"]
[EventRounds "7"]
[EventType "team-swiss"]
[EventDate "2012.12.26"]

1. d4 Nf6 2. c4 g6 3. Nc3 Bg7 4. Nf3 O-O 5. Bf4 d6 6. e3 Nfd7 7. Bg3 e5 8. d5
f5 9. h3 Nf6 10. Be2 a5 11. Rc1 Na6 12. a3 Bd7 13. O-O Qe8 14. Bh2 a4 15. Nb5
Bxb5 16. cxb5 Nc5 17. Bc4 Nfe4 18. Nd2 Nxd2 19. Qxd2 e4 20. b3 axb3 21. b6 cxb6
22. Bxd6 Rf6 23. Bxc5 bxc5 24. d6+ Kh8 25. d7 Qd8 26. Rfd1 b6 27. Qd5 Rf8 28.
Rc2 Rb8 29. Qc6 Qf6 1-0

[Event "DVM U12 2012"]
[Site "Verden/Aller GER"]
[Date "2012.12.29"]
[Round "5"]
[White "Faal, Marcel"]
[Black "Simon, Tim"]
[Result "0-1"]
[Termination "normal"]
[Board "4.3"]
[WhiteElo "1261"]
[BlackElo "1479"]
[WhiteTeam "SV Worms 1878"]
[BlackTeam "Schachgemeinschaft Leipzig"]
[WhiteFideId "1271978"]
[BlackFideId "12971740"]
[EventCountry "GER"]
[EventRounds "7"]
[EventType "team-swiss"]
[EventDate "2012.12.26"]

1. e4 e6 2. d4 d5 3. e5 c5 4. c3 Nc6 5. Nf3 Qb6 6. Bd3 Bd7 7. O-O cxd4 8. Nxd4
Nxd4 9. cxd4 Qxd4 10. Qe2 Qb6 11. Be3 Bc5 12. Bc1 Ne7 13. Nc3 O-O-O 14. a3 Nc6
15. Na4 Qa5 16. Nxc5 Qxc5 17. b4 Qe7 18. Be3 Kb8 19. Bc5 Qh4 20. Bd6+ Ka8 21.
Rfc1 f6 22. b5 Nd4 23. Qb2 Rc8 24. b6 Nc6 25. bxa7 Nxa7 26. Rcb1 Bc6 27. a4
fxe5 28. Bb5 Qd4 29. Qb3 Qb6 30. Qa3 Qd4 31. Bc5 Qd2 32. Bxa7 Kxa7 33. Qc5+ Ka8
34. Qb6 Qd4 35. Qa5+ Qa7 36. Qb4 Rhf8 37. Rb2 Rf4 38. Qd6 Bxb5 39. Rxb5 Qxf2+
40. Kh1 Qf1+ 41. Rxf1 Rxf1# 0-1

[Event "DVM U12 2012"]
[Site "Verden/Aller GER"]
[Date "2012.12.29"]
[Round "5"]
[White "Oltmanns, Jannik"]
[Black "Wiedemann, Julia"]
[Result "1-0"]
[Termination "normal"]
[Board "4.4"]
[WhiteElo "1426"]
[BlackElo "1178"]
[WhiteTeam "Schachgemeinschaft Leipzig"]
[BlackTeam "SV Worms 1878"]
[BlackFideId "12959499"]
[EventCountry "GER"]
[EventRounds "7"]
[EventType "team-swiss"]
[EventDate "2012.12.26"]

1. d4 d6 2. e4 Nf6 3. Nc3 c6 4. f4 e6 5. Bd3 Nbd7 6. Nf3 Be7 7. Bd2 O-O 8. Qe2
Qc7 9. O-O Re8 10. e5 Nd5 11. Ng5 Bxg5 12. fxg5 dxe5 13. Bxh7+ Kf8 14. Nxd5
exd5 15. Qf3 Re7 16. Bg6 Nb6 17. Bb4 Kg8 18. Bxe7 fxg6 19. Qf8+ Kh7 20. Rf7
exd4 21. Qxg7# 1-0

[Event "DVM U12 2012"]
[Site "Verden/Aller GER"]
[Date "2012.12.29"]
[Round "5"]
[White "Enache, Rares"]
[Black "Roos, Jonas"]
[Result "1-0"]
[Termination "normal"]
[Board "5.1"]
[WhiteElo "1463"]
[BlackElo "1510"]
[WhiteTeam "TuS Coswig 1920"]
[BlackTeam "SC Porta Westfalica Holtrup 1950"]
[WhiteFideId "12976440"]
[BlackFideId "16200721"]
[EventCountry "GER"]
[EventRounds "7"]
[EventType "team-swiss"]
[EventDate "2012.12.26"]

1. e4 c5 2. Nf3 Nc6 3. d4 cxd4 4. Nxd4 g6 5. Nc3 Bg7 6. Be3 Nf6 7. Bc4 O-O 8.
Bb3 d6 9. f3 Bd7 10. Qd2 Qa5 11. O-O-O Rfc8 12. h4 h5 13. Nxc6 bxc6 14. Bh6 Bh8
15. Qd3 Rab8 16. e5 dxe5 17. Qxg6+ 1-0

[Event "DVM U12 2012"]
[Site "Verden/Aller GER"]
[Date "2012.12.29"]
[Round "5"]
[White "Gomolinsky, Phil"]
[Black "Kunath, Tim"]
[Result "1/2-1/2"]
[Termination "normal"]
[Board "5.2"]
[WhiteElo "1328"]
[BlackElo "1387"]
[WhiteTeam "SC Porta Westfalica Holtrup 1950"]
[BlackTeam "TuS Coswig 1920"]
[WhiteFideId "16200730"]
[BlackFideId "12985074"]
[EventCountry "GER"]
[EventRounds "7"]
[EventType "team-swiss"]
[EventDate "2012.12.26"]

1. e4 d5 2. exd5 Qxd5 3. Nc3 Qa5 4. d4 c6 5. Nf3 Bf5 6. Bc4 e6 7. Bf4 Bb4 8.
Bd2 Nf6 9. O-O O-O 10. Re1 Nbd7 11. a3 Bxc3 12. Bxc3 Qc7 13. Qe2 Nd5 14. Bxd5
cxd5 15. Ne5 Nxe5 16. Qxe5 Qxe5 17. Rxe5 Bxc2 18. Rc1 Bb3 19. Bb4 Rfc8 20. Ree1
b6 21. f3 a5 22. Bd2 a4 23. Kf2 Kf8 24. Rc3 Rxc3 25. bxc3 Rc8 26. Rc1 Ke8 27.
Ke3 1/2-1/2

[Event "DVM U12 2012"]
[Site "Verden/Aller GER"]
[Date "2012.12.29"]
[Round "5"]
[White "Lehne, Arwin Hugo"]
[Black "Götz, Michael"]
[Result "1/2-1/2"]
[Termination "normal"]
[Board "5.3"]
[WhiteElo "1289"]
[BlackElo "1353"]
[WhiteTeam "TuS Coswig 1920"]
[BlackTeam "SC Porta Westfalica Holtrup 1950"]
[WhiteFideId "12985090"]
[BlackFideId "16200756"]
[EventCountry "GER"]
[EventRounds "7"]
[EventType "team-swiss"]
[EventDate "2012.12.26"]

1. c4 c6 2. Nc3 d5 3. cxd5 cxd5 4. g3 Nf6 5. Bg2 e6 6. Nf3 Bd6 7. O-O O-O 8. d4
Bd7 9. Re1 Bc6 10. a3 Qe7 11. b4 a6 12. Qc2 Nbd7 13. Bb2 Rac8 14. Qd2 Rc7 15.
Rac1 Rfc8 16. e3 Nb6 17. Ne2 Nc4 18. Qc2 Bb5 19. Nd2 Nxb2 20. Qxb2 Bxe2 21.
Rxc7 Qxc7 22. Rxe2 Qc1+ 23. Qxc1 Rxc1+ 24. Bf1 Ra1 25. Nb3 Rxa3 26. Na5 Bxb4
27. Nxb7 a5 28. Rc2 a4 29. Na5 Rc3 30. Rb2 Bf8 31. Ra2 Ra3 32. Rxa3 Bxa3 33.
Bb5 Kf8 34. Bxa4 Ke7 35. f3 Nd7 1/2-1/2

[Event "DVM U12 2012"]
[Site "Verden/Aller GER"]
[Date "2012.12.29"]
[Round "5"]
[White "Liebelt, Jonas"]
[Black "von Koslowski, Wilhelm"]
[Result "0-1"]
[Termination "normal"]
[Board "5.4"]
[WhiteElo "1190"]
[BlackElo "1281"]
[WhiteTeam "SC Porta Westfalica Holtrup 1950"]
[BlackTeam "TuS Coswig 1920"]
[WhiteFideId "16200748"]
[BlackFideId "12985147"]
[EventCountry "GER"]
[EventRounds "7"]
[EventType "team-swiss"]
[EventDate "2012.12.26"]

1. e4 d5 2. exd5 Qxd5 3. Nc3 Qa5 4. d4 c6 5. Nf3 Bf5 6. Bd2 Qc7 7. Bc4 e6 8.
Bb3 Nf6 9. Qe2 Be7 10. h3 Nbd7 11. Be3 O-O 12. O-O-O b5 13. Kb1 a5 14. a4 bxa4
15. Nxa4 Rfb8 16. Ba2 Nb6 17. Nc5 Bxc5 18. dxc5 Na4 19. Bc1 Nc3+ 20. Ka1 Nxe2
21. Nd4 Nxd4 22. Rxd4 Rd8 23. Bf4 e5 24. Bxe5 Qc8 25. Rf4 Rd1+ 26. Bb1 Bxc2 27.
Bxf6 Rxb1+ 28. Ka2 Qe6+ 29. Ka3 Qb3# 0-1

[Event "DVM U12 2012"]
[Site "Verden/Aller GER"]
[Date "2012.12.29"]
[Round "5"]
[White "Rätzke von Stoyentin, Steffen"]
[Black "Dittrich, Tom"]
[Result "1/2-1/2"]
[Termination "normal"]
[Board "6.1"]
[WhiteElo "1754"]
[BlackElo "1635"]
[WhiteTeam "SC Aurich"]
[BlackTeam "SG Blau-Weiß Stadtilm"]
[WhiteFideId "12907502"]
[BlackFideId "12923532"]
[EventCountry "GER"]
[EventRounds "7"]
[EventType "team-swiss"]
[EventDate "2012.12.26"]

1. d4 Nf6 2. c4 g6 3. Nc3 Bg7 4. e4 d6 5. Nf3 O-O 6. Be2 Nbd7 7. O-O e5 8. d5
Nc5 9. Qc2 a5 10. Ne1 Nfd7 11. Bg4 h5 12. Bh3 Nf6 13. Bxc8 Qxc8 14. f3 Nh7 15.
Nd3 b6 16. Nxc5 bxc5 17. Nb5 f5 18. Qe2 f4 19. Bd2 Nf6 20. a4 Rf7 21. Qe1 Qa6
22. g3 g5 23. Kh1 Kh7 24. Rg1 Bh6 25. h3 Re7 26. g4 h4 27. Rg2 Kg7 28. Qc1 Nh7
29. Be1 Kf6 30. Rc2 Nf8 31. Bf2 Qc8 32. Qe1 Nd7 33. Bxh4 gxh4 34. Qxh4+ Bg5 35.
Qh5 Qh8 36. Nxc7 Qxh5 37. gxh5 Rb8 38. Nb5 Rb6 39. Rg2 Rh7 40. Rag1 Rxh5 41.
Kh2 Nf8 42. Nc7 Nh7 43. Nb5 Ke7 44. Rh1 Kd7 45. Kg1 Rh4 46. Rg4 Rb8 47. Kf1 Rg8
48. Rxh4 Bxh4 49. Rg1 Rxg1+ 50. Kxg1 Nf6 1/2-1/2

[Event "DVM U12 2012"]
[Site "Verden/Aller GER"]
[Date "2012.12.29"]
[Round "5"]
[White "Schramm, Moritz"]
[Black "Neumann, Tiemon"]
[Result "1/2-1/2"]
[Termination "normal"]
[Board "6.2"]
[WhiteElo "1441"]
[BlackElo "1729"]
[WhiteTeam "SG Blau-Weiß Stadtilm"]
[BlackTeam "SC Aurich"]
[WhiteFideId "12923508"]
[BlackFideId "12925462"]
[EventCountry "GER"]
[EventRounds "7"]
[EventType "team-swiss"]
[EventDate "2012.12.26"]

1. Nf3 d5 2. d3 Bg4 3. Nbd2 Nf6 4. g3 g6 5. Bg2 Bg7 6. O-O Nc6 7. e4 e6 8. h3
Bxf3 9. Bxf3 O-O 10. c3 Ne5 11. Qe2 Nxf3+ 12. Qxf3 c5 13. Qg2 Qd6 14. f4 e5 15.
Re1 exf4 16. e5 Qe6 17. Nf3 Nd7 18. gxf4 f6 19. d4 Qf5 20. Bd2 fxe5 21. dxe5
Rae8 22. Ng5 h6 23. Nf3 Kh7 24. h4 Re6 25. Kh1 Rf7 26. Rf1 Bf8 27. Rad1 Be7 28.
a3 Nb6 29. b3 Rf8 30. a4 a5 31. Bc1 Rg8 32. Qh2 Qg4 33. Qg2 Qh5 34. Qg3 Qf5 35.
Bd2 Rf8 36. Rde1 Rg8 37. Bc1 Rd8 38. Re2 Rg8 39. Rh2 h5 40. Rg1 Nd7 41. Ng5+
Bxg5 42. Qxg5 Qxg5 43. Rxg5 Nb6 44. Rd2 Rd8 45. Bb2 c4 46. bxc4 Nxc4 47. Re2
Nxb2 48. Rxb2 b6 49. Rd2 Kh6 50. Rg3 Re7 1/2-1/2

[Event "DVM U12 2012"]
[Site "Verden/Aller GER"]
[Date "2012.12.29"]
[Round "5"]
[White "Wessels, Julian"]
[Black "Adler, Jakob"]
[Result "0-1"]
[Termination "normal"]
[Board "6.3"]
[WhiteElo "1299"]
[BlackElo "1176"]
[WhiteTeam "SC Aurich"]
[BlackTeam "SG Blau-Weiß Stadtilm"]
[WhiteFideId "12930520"]
[EventCountry "GER"]
[EventRounds "7"]
[EventType "team-swiss"]
[EventDate "2012.12.26"]

1. d4 d5 2. Bf4 e6 3. e3 f5 4. f3 Nf6 5. Nc3 Nbd7 6. Nge2 c6 7. Qd2 Be7 8.
O-O-O O-O 9. Ng3 Nb6 10. Bd3 Bd6 11. Bxd6 Qxd6 12. e4 fxe4 13. fxe4 e5 14. dxe5
Qxe5 15. exd5 Nfxd5 16. Nxd5 Nxd5 17. Rde1 Qd6 18. Bc4 b5 19. Bb3 Kh8 20. Rhf1
Bb7 21. Qd4 Rxf1 22. Rxf1 Qh6+ 23. Kb1 a5 24. Qc5 g6 25. Bxd5 cxd5 26. Qb6 Qg7
27. Qxb5 Ba6 28. Qc6 Rb8 29. Rf6 Qe7 30. Qc3 d4 31. Rf8+ Rxf8 32. Qxd4+ Qf6 33.
Qg1 Rb8 34. c3 Qxc3 35. Qf2 Bd3+ 36. Ka1 Qc1# 0-1

[Event "DVM U12 2012"]
[Site "Verden/Aller GER"]
[Date "2012.12.29"]
[Round "5"]
[White "Bock, Alexander"]
[Black "Ufkes, Thilo"]
[Result "1-0"]
[Termination "normal"]
[Board "6.4"]
[WhiteElo "1012"]
[BlackElo "895"]
[WhiteTeam "SG Blau-Weiß Stadtilm"]
[BlackTeam "SC Aurich"]
[BlackFideId "12928755"]
[EventCountry "GER"]
[EventRounds "7"]
[EventType "team-swiss"]
[EventDate "2012.12.26"]

1. e4 c5 2. Nf3 Nc6 3. d3 g6 4. g3 Bg7 5. Bg2 e6 6. O-O Nge7 7. c3 O-O 8. Nbd2
d5 9. Qc2 Re8 10. Re1 b5 11. Nf1 c4 12. e5 cxd3 13. Qxd3 a6 14. Bf4 Bb7 15. h4
Nf5 16. N1h2 Rc8 17. Ng4 Rc7 18. Qd2 Nb8 19. Nf6+ Bxf6 20. exf6 Rc8 21. g4 Nd6
22. Be5 Kh8 23. Qh6 Rg8 24. Ng5 Qf8 25. Qxh7# 1-0

[Event "DVM U12 2012"]
[Site "Verden/Aller GER"]
[Date "2012.12.29"]
[Round "5"]
[White "Stirner, Christof"]
[Black "Joeres, Stefan"]
[Result "0-1"]
[Termination "normal"]
[Board "7.1"]
[WhiteElo "1451"]
[BlackElo "1321"]
[WhiteTeam "SR Spaichingen"]
[BlackTeam "Karlsruher SF 1853"]
[WhiteFideId "16200837"]
[BlackFideId "12983160"]
[EventCountry "GER"]
[EventRounds "7"]
[EventType "team-swiss"]
[EventDate "2012.12.26"]

1. e4 e5 2. Nf3 Nc6 3. Bc4 Bc5 4. c3 Nf6 5. d4 exd4 6. cxd4 Bb4+ 7. Nc3 Nxe4 8.
O-O Bxc3 9. bxc3 d5 10. Re1 O-O 11. Qc2 Bf5 12. Bd3 Re8 13. Bf4 Bg6 14. Re2 Re6
15. Rae1 Qe7 16. Be3 Qa3 17. Bxe4 Bxe4 18. Bc1 Qa5 19. Qb2 Bxf3 20. Rxe6 fxe6
21. gxf3 Qb6 22. Rxe6 Qxb2 23. Bxb2 Kf8 24. Re3 Kf7 25. Bc1 Na5 26. Re1 Re8 27.
Be3 Nc4 28. Kf1 a5 29. Ke2 a4 30. Rb1 c6 31. Kd3 Re6 32. Ke2 Kg6 33. Kd3 Na3
34. Rc1 0-1

[Event "DVM U12 2012"]
[Site "Verden/Aller GER"]
[Date "2012.12.29"]
[Round "5"]
[White "Koll, Lukas"]
[Black "Molitor, Marwin"]
[Result "1-0"]
[Termination "normal"]
[Board "7.2"]
[WhiteElo "1340"]
[BlackElo "1285"]
[WhiteTeam "Karlsruher SF 1853"]
[BlackTeam "SR Spaichingen"]
[WhiteFideId "12969737"]
[BlackFideId "16200853"]
[EventCountry "GER"]
[EventRounds "7"]
[EventType "team-swiss"]
[EventDate "2012.12.26"]

1. e4 e5 2. Nf3 Nc6 3. Bc4 Bc5 4. Nc3 d6 5. h3 Nf6 6. d3 O-O 7. Bg5 Be6 8. Bb3
h6 9. Be3 Bb6 10. O-O Nd4 11. Bxd4 Bxd4 12. Nxd4 exd4 13. Ne2 c5 14. Nf4 Bxb3
15. axb3 b6 16. Nh5 Nxh5 17. Qxh5 Re8 18. f4 Qd7 19. Rf3 Qe6 20. Rg3 Qf6 21.
Rf1 Kh8 22. Rg5 Kg8 23. Rd5 Rad8 24. Qg4 Qg6 25. Qd1 Qg3 26. Rf3 Qh4 27. Kh2
Qf6 28. Qd2 Qh4 29. Rg3 Qe7 30. Qe2 Qh4 31. Rg4 Qf6 32. Qe1 Kh8 33. Qg3 a5 34.
Rf5 Qe6 35. Rxg7 Rf8 36. Qg4 Rg8 37. Rxg8+ Rxg8 38. Qf3 Qg6 39. Rh5 Rg7 40. Rh4
Rg8 41. Rg4 Qh7 42. Rxg8+ Qxg8 43. Qh5 Qg6 44. Qd5 Kh7 45. g4 Qf6 46. Kg3 Qe6
47. Qc6 Qf6 48. Qxb6 1-0

[Event "DVM U12 2012"]
[Site "Verden/Aller GER"]
[Date "2012.12.29"]
[Round "5"]
[White "Zetto, Lukas"]
[Black "Chernykh, Arkady"]
[Result "0-1"]
[Termination "normal"]
[Board "7.3"]
[WhiteElo "1204"]
[BlackElo "1192"]
[WhiteTeam "SR Spaichingen"]
[BlackTeam "Karlsruher SF 1853"]
[WhiteFideId "16261747"]
[BlackFideId "12989436"]
[EventCountry "GER"]
[EventRounds "7"]
[EventType "team-swiss"]
[EventDate "2012.12.26"]

1. e4 e5 2. Bc4 Nf6 3. Nc3 Bc5 4. d3 d6 5. Bg5 Nbd7 6. Nd5 c6 7. Nxf6+ Nxf6 8.
Be3 Qb6 9. Bxc5 Qxc5 10. h3 d5 11. exd5 Nxd5 12. Bb3 O-O 13. Qe2 Re8 14. O-O-O
a5 15. a3 a4 16. Ba2 b5 17. Qd2 Be6 18. d4 exd4 19. Qxd4 { Notation
unvollständig und fehlerhaft} 1-0

[Event "DVM U12 2012"]
[Site "Verden/Aller GER"]
[Date "2012.12.29"]
[Round "5"]
[White "Koll, Linus"]
[Black "Schrägle, Thorsten"]
[Result "1-0"]
[Termination "normal"]
[Board "7.4"]
[WhiteElo "1197"]
[BlackElo "1155"]
[WhiteTeam "Karlsruher SF 1853"]
[BlackTeam "SR Spaichingen"]
[WhiteFideId "12990299"]
[BlackFideId "16224248"]
[EventCountry "GER"]
[EventRounds "7"]
[EventType "team-swiss"]
[EventDate "2012.12.26"]

1. e4 e5 2. Nf3 Nc6 3. Bc4 Bc5 4. Nc3 d6 5. h3 Be6 6. Bb3 Nf6 7. d3 h6 8. Be3
Bb6 9. O-O Qd7 10. Nh2 O-O-O 11. Ne2 Rhe8 12. Bxb6 axb6 13. Ng3 d5 14. exd5
Nxd5 15. Qd2 g5 16. Rae1 Rg8 17. Ne4 Nd4 18. Bxd5 Bxd5 19. Nf6 Qc6 20. Nxg8
Bxg2 21. Ne7+ Kb8 22. Nxc6+ 1-0

[Event "DVM U12 2012"]
[Site "Verden/Aller GER"]
[Date "2012.12.29"]
[Round "5"]
[White "Eurich, Alexander"]
[Black "Poetsch, Leonore"]
[Result "0-1"]
[Termination "normal"]
[Board "8.1"]
[WhiteElo "1120"]
[BlackElo "1385"]
[WhiteTeam "SF Biberach"]
[BlackTeam "Sfr. Schöneck"]
[WhiteFideId "12953121"]
[BlackFideId "12940372"]
[EventCountry "GER"]
[EventRounds "7"]
[EventType "team-swiss"]
[EventDate "2012.12.26"]

1. e4 e6 2. c4 d5 3. cxd5 exd5 4. exd5 Qxd5 5. Nc3 Qa5 6. Bc4 Nf6 7. Nf3 Bd6 8.
O-O O-O 9. d3 Bg4 10. h3 Bh5 11. Bg5 Nc6 12. Nd5 Be7 13. d4 Nxd5 14. Bxe7 Ncxe7
15. Qd3 Bxf3 16. Qxf3 c6 17. Qh5 Nf6 18. Qd1 Qb6 19. Re1 Ned5 20. Rb1 Rfe8 21.
Re5 Qc7 22. Rf5 Rad8 23. Qf3 Ne7 24. Rf4 Ng6 25. Rf5 Rxd4 26. Qb3 h6 27. Rc1
Nh4 28. Rc5 Re7 29. Bd3 Qd7 30. Rd1 b6 31. Rc4 c5 32. Qc3 Qd5 33. f3 Ng6 34.
Rxd4 Qxd4+ 35. Qxd4 cxd4 36. Kf2 Rd7 37. g3 Kf8 38. Re1 Ne7 39. f4 Nfd5 40. a3
Ne3 41. Kf3 g6 42. g4 Rc7 43. Ke4 f5+ 44. Kxd4 Nc2+ 45. Bxc2 Rxc2 46. Ke5 Kf7
47. Kd6 Rd2+ 48. Kc7 Rxb2 49. Rd1 Rb3 50. Rd7 Rxh3 51. Kd8 Re3 52. Rxa7 fxg4
53. Rb7 g3 54. Rxb6 Rd3+ 0-1

[Event "DVM U12 2012"]
[Site "Verden/Aller GER"]
[Date "2012.12.29"]
[Round "5"]
[White "Herbert, Fabian"]
[Black "Fischer, Patrick"]
[Result "0-1"]
[Termination "normal"]
[Board "8.2"]
[WhiteElo "1092"]
[BlackElo "1278"]
[WhiteTeam "Sfr. Schöneck"]
[BlackTeam "SF Biberach"]
[WhiteFideId "12940402"]
[BlackFideId "12953075"]
[EventCountry "GER"]
[EventRounds "7"]
[EventType "team-swiss"]
[EventDate "2012.12.26"]

1. e4 d5 2. exd5 Nf6 3. Nc3 Nxd5 4. Nf3 Bf5 5. Bc4 Nxc3 6. bxc3 e6 7. O-O Bd6
8. d4 O-O 9. Rb1 b6 10. Bb3 Nd7 11. Re1 Nf6 12. Ne5 Ne4 13. Nc6 Qd7 14. Ne5
Bxe5 15. dxe5 Qxd1 16. Rxd1 Nxc3 17. Ba3 c5 18. h3 Nxb1 19. Rxb1 Rfd8 20. Ba4
Rd2 21. Rc1 Rb8 22. Bb3 Rbd8 23. c4 Re2 24. f4 Rd4 25. Rf1 Rdd2 26. Ra1 Rxg2+
27. Kf1 Rh2 28. Ke1 Rdg2 29. Kf1 Bxh3 30. Bxc5 Rh1+ 31. Bg1 Rhxg1# 0-1

[Event "DVM U12 2012"]
[Site "Verden/Aller GER"]
[Date "2012.12.29"]
[Round "5"]
[White "Triantafillidis, Simeon"]
[Black "Timpel, Kaan"]
[Result "1-0"]
[Termination "normal"]
[Board "8.3"]
[WhiteElo "1382"]
[BlackElo "939"]
[WhiteTeam "SF Biberach"]
[BlackTeam "Sfr. Schöneck"]
[WhiteFideId "12953113"]
[BlackFideId "12983683"]
[EventCountry "GER"]
[EventRounds "7"]
[EventType "team-swiss"]
[EventDate "2012.12.26"]

1. e4 e5 2. Nf3 Nc6 3. Bc4 Bc5 4. b4 Bxb4 5. c3 Ba5 6. O-O Nf6 7. Qe2 O-O 8. d4
exd4 9. cxd4 Nxe4 10. Qxe4 d5 11. Qxd5 Qxd5 12. Bxd5 Rd8 13. Bxc6 bxc6 14. Bb2
Ba6 15. Rc1 Rab8 16. Bc3 Bb6 17. Nbd2 c5 18. dxc5 Bxc5 19. Bxg7 Kxg7 20. Rxc5
f6 21. Rxc7+ Kg6 22. Rxa7 Bd3 23. Nh4+ Kh6 24. Rf7 Rb6 25. h3 Re8 26. Rc1 Re2
27. Ndf3 Rxa2 28. Rd7 Be2 29. Re1 Re6 30. Rd2 Rxd2 31. Nxd2 Kh5 32. Nf5 Kg5 33.
Ng3 Kh4 34. Rxe2 Rxe2 35. Nxe2 Kg5 36. Kh2 f5 37. Kg3 h5 38. Nf3+ Kh6 39. Kf4
Kg6 40. Nh4+ Kf6 41. Nxf5 Kg6 42. g4 hxg4 43. hxg4 Kf6 44. f3 Kg6 45. g5 Kh5
46. Nfg3+ Kg6 47. Kg4 Kf7 48. Kh5 Kg8 49. Kg6 Kh8 50. Kf7 Kh7 51. Nh5 Kh8 52.
Nef4 Kh7 53. Nf6+ Kh8 54. Ng6# 1-0

[Event "DVM U12 2012"]
[Site "Verden/Aller GER"]
[Date "2012.12.29"]
[Round "5"]
[White "Kölz, Niklas"]
[Black "Zimmer, Luca"]
[Result "1-0"]
[Termination "normal"]
[Board "9.1"]
[WhiteElo "1606"]
[BlackElo "1124"]
[WhiteTeam "Märkischer Springer Halver-Schalksmühle"]
[BlackTeam "Turm Wadern"]
[WhiteFideId "12971758"]
[BlackFideId "12921424"]
[EventCountry "GER"]
[EventRounds "7"]
[EventType "team-swiss"]
[EventDate "2012.12.26"]

1. e4 e6 2. d4 d5 3. Nc3 Nf6 4. Bg5 Bb4 5. e5 h6 6. exf6 hxg5 7. fxg7 Rg8 8.
Qh5 Qf6 9. Nf3 Qxg7 10. h4 g4 11. Ne5 Bd7 12. Be2 Nc6 13. Qxg4 Nxe5 14. Qxg7
Rxg7 15. dxe5 d4 16. a3 Bxc3+ 17. bxc3 dxc3 18. g4 O-O-O 19. Rd1 Rf8 20. g5 Rh8
21. Rd3 Bc6 22. Rhh3 Rgh7 23. Rd4 Bd5 24. h5 c5 25. Rdh4 a6 26. Rxc3 c4 27.
Bxc4 Bxc4 28. Rcxc4+ Kb8 29. h6 Rg8 30. f4 b5 31. Rc3 Kb7 32. Rhh3 Kb6 33. Rhd3
Ka5 34. Kd2 b4 35. axb4+ Kxb4 36. Ra3 Ra8 37. Rab3+ Kc5 38. Kc3 a5 39. Kb2 Kc4
40. Ka3 Rhh8 41. Rbc3+ Kb5 42. Rc7 Rhf8 43. Rb3+ Ka6 44. Rc6+ 1-0

[Event "DVM U12 2012"]
[Site "Verden/Aller GER"]
[Date "2012.12.29"]
[Round "5"]
[White "Schumacher, Aaron"]
[Black "Sailer, Tom"]
[Result "0-1"]
[Termination "normal"]
[Board "9.2"]
[WhiteElo "1123"]
[BlackElo "883"]
[WhiteTeam "Turm Wadern"]
[BlackTeam "Märkischer Springer Halver-Schalksmühle"]
[WhiteFideId "12952184"]
[BlackFideId "16200675"]
[EventCountry "GER"]
[EventRounds "7"]
[EventType "team-swiss"]
[EventDate "2012.12.26"]

1. e4 e6 2. d4 d5 3. e5 c5 4. c3 Nc6 5. Nf3 Qb6 6. Bd3 cxd4 7. cxd4 Bd7 8. Nc3
a6 9. Be3 Qxb2 10. Rc1 Bb4 11. Qb3 Qxb3 12. axb3 Nge7 13. O-O O-O 14. Ne2 Na5
15. Rc7 Bc6 16. Bd2 Bxd2 17. Nxd2 Rfe8 18. b4 Bb5 19. Bxb5 axb5 20. bxa5 Rxa5
21. Rxb7 Nf5 22. Rb1 Ra2 23. Rd1 Rc8 24. Nc3 Rb2 25. Rxb5 Rb8 26. Ra1 h5 27.
Rxb8+ Rxb8 28. h3 Nxd4 29. Ra4 Nc2 30. g4 d4 31. Nce4 Rb5 32. Rc4 d3 33. Nf3
hxg4 34. hxg4 Kh7 35. Nd6 Rb1+ 36. Kg2 Ne1+ 37. Nxe1 d2 38. Nxf7 dxe1=Q 39.
Ng5+ Kh6 40. f4 Qf1+ 41. Kg3 Qxc4 42. Kf3 Rb3+ 0-1

[Event "DVM U12 2012"]
[Site "Verden/Aller GER"]
[Date "2012.12.29"]
[Round "5"]
[White "Browning, Alex"]
[Black "Schumacher, Simon"]
[Result "1-0"]
[Termination "normal"]
[Board "9.3"]
[WhiteElo "1054"]
[BlackElo "1142"]
[WhiteTeam "Märkischer Springer Halver-Schalksmühle"]
[BlackTeam "Turm Wadern"]
[WhiteFideId "12984019"]
[BlackFideId "12957518"]
[EventCountry "GER"]
[EventRounds "7"]
[EventType "team-swiss"]
[EventDate "2012.12.26"]

1. e4 d5 2. exd5 Qxd5 3. Nc3 Qa5 4. d4 c6 5. Bd2 Qc7 6. Nf3 Bf5 7. g3 e6 8. Nh4
Nf6 9. Nxf5 exf5 10. Bg2 Bd6 11. O-O Nbd7 12. Re1+ Be7 13. Qe2 Qd6 14. Bf4 Qe6
15. Qd3 Ne4 16. Nxe4 fxe4 17. Rxe4 Qf6 18. Rae1 O-O-O 19. Rxe7 g5 20. Be5 Nxe5
21. R1xe5 h6 22. c3 Qd6 23. Qf5+ Rd7 24. Re8+ Rxe8 25. Rxe8+ Kc7 26. Bh3 Re7
27. Rxe7+ Qxe7 28. Qe5+ Qxe5 29. dxe5 a5 30. a3 b5 31. b4 Kb6 32. e6 fxe6 33.
Bxe6 axb4 34. axb4 c5 35. f4 gxf4 36. gxf4 cxb4 37. cxb4 Kc6 38. f5 Kd6 39. Kf2
Ke5 40. Ke3 h5 41. h4 Kf6 42. Ke4 1-0